ARRUPE JESUIT UNIVERSITY

CORONAVIRUS -STOP THE SPREAD - CLEAN,DISINFECT,COVER

Ramblings on soil conservation : (Record no. 126311)

MARC details
000 -LEADER
fixed length control field 00987cam a2200289 a 4500
001 - CONTROL NUMBER
control field 1027484
003 - CONTROL NUMBER IDENTIFIER
control field ARRUPE
005 - DATE AND TIME OF LATEST TRANSACTION
control field 20170322094043.0
008 - FIXED-LENGTH DATA ELEMENTS--GENERAL INFORMATION
fixed length control field 880721s1987 sw a b 000 0 eng d
010 ## - LIBRARY OF CONGRESS CONTROL NUMBER
LC control number 88164225
020 ## - INTERNATIONAL STANDARD BOOK NUMBER
International Standard Book Number 9158670912
035 ## - SYSTEM CONTROL NUMBER
System control number (OCoLC)20645638
040 ## - CATALOGING SOURCE
Original cataloging agency DNAL
Transcribing agency DLC
Modifying agency DLC
042 ## - AUTHENTICATION CODE
Authentication code lccopycat
043 ## - GEOGRAPHIC AREA CODE
Geographic area code f-ke---
050 04 - LIBRARY OF CONGRESS CALL NUMBER
Classification number S625.K4
Item number O825 1987
070 0# - NATIONAL AGRICULTURAL LIBRARY CALL NUMBER
Classification number S625.K508
300 ## - PHYSICAL DESCRIPTION
Other physical details ill. ;
Dimensions 21 cm.
100 1# - MAIN ENTRY--PERSONAL NAME
Personal name Östberg, Wilhelm.
9 (RLIN) 29461
245 10 - TITLE STATEMENT
Title Ramblings on soil conservation :
Remainder of title an essay from Kenya /
Statement of responsibility, etc Wilhelm Östberg.
260 ## - PUBLICATION, DISTRIBUTION, ETC. (IMPRINT)
Place of publication, distribution, etc Stockholm :
Name of publisher, distributor, etc Swedish International Development Authority,
Date of publication, distribution, etc 1987.
300 ## - PHYSICAL DESCRIPTION
Extent 83 p. :
504 ## - BIBLIOGRAPHY, ETC. NOTE
Bibliography, etc Includes bibliographical references (p. 81-83).
650 #0 - SUBJECT ADDED ENTRY--TOPICAL TERM
Topical term or geographic name as entry element Soil conservation
Geographic subdivision Kenya.
9 (RLIN) 29462
906 ## - LOCAL DATA ELEMENT F, LDF (RLIN)
a 7
b cbc
c copycat
d 3
e ncip
f 19
g y-gencatlg
942 ## - ADDED ENTRY ELEMENTS (KOHA)
Source of classification or shelving scheme Library of Congress Classification
Koha item type Monograph ( Printed materials)
Holdings
Withdrawn status Lost status Source of classification or shelving scheme Damaged status Not for loan Collection code Home library Current library Shelving location Date acquired Total Checkouts Full call number Barcode Date last seen Price effective from Koha item type
    Library of Congress Classification     Main Collection ARRUPE LIBRARY ARRUPE LIBRARY Main Collection 22/03/2017   S625.K4 O825 1987 46500025520 10/09/2019 22/03/2017 Monograph ( Printed materials)

 

Arrupe Library. PO Box MP320 Mt Pleasant, Harare, Zimbabwe
263 242 745411|librarian@aju.ac.zw